01693 am a2200397 a 450000500170000000800410001702000150005804100080007309200210008110000330010224500860013525000110022126000600023230000130029250001880030565300430049365300110053665300110054765300380055865300520059665300760064865300340072465300340075865300590079265300370085165300480088865300350093665300370097165300360100870000350104470000390107993000090111894200120112799900130113995201430115220240219122857.0100804s1995||||ag a f |||| 001 0 spa d a9500623102 aspa c616.893l92sVID1 aVidal, Guillermo.eDir.9976 aEnciclopedia Iberoamericana de Psiquiatría. bT.1 Micropedia /cGuillermo Vidal a1a ed. aBuenos Aires: bEditorial Médica Panamericana;c1995. a1-815 p. aVidal, G., Alarcón, R. D. y Lolas Stepke, F. (Dirs.). (1995). Enciclopedia Iberoamericana de Psiquiatría. T.1 Micropedia. (1a ed.). Buenos Aires : Editorial Médica Panamericana. aConceptos y definiciones. Biografías aCIE-10 aDSM-IV aJuramento hipocrático (400 a.C) aDe los indios recientemente descubiertos (1539) aDeclaración de los Derechos Humanos del Hombre y del Ciudadano (1789) aBando del Fraile Aldao (1842) aCódigo de Nürember (1946) aDeclaración Universal de los Derechos Humanos (1948) aDeclaración de Helsinki (1964) aDeclaración de Tokyo - Helsinki II (1975) aDeclaración de Hawaii (1977) aDeclaración de Alma-Ata (1978) aDeclaración de Caracas (1990)1 aAlarcón, Renato D.eDir99771 aLolas Stepke, Fernando.eDir.9978 a1177 2ddccBK c535d535 00102ddc40708REFaBFMbBFMcREFd2011-05-13l1o616.893 92 VIDp1177r2014-11-06s2012-09-14tej.1w2011-08-18yREFzLIBRO DE CONSULTA